000 00194 a2200097 4500
001 27944
100 _aBacon, G E
245 _aNeutron physics
260 _a
_bWykeham
_c
090 _c18652
_d18652
942 _aNUST-CAE
_cM
_c9616
999 _c263017
_d263017